Promoting more flexible investment in property (Record no. 103497)

MARC details
000 -LEADER
fixed length control field 01326cam a2200229 4500
001 - CONTROL NUMBER
control field ##L125913
008 - FIXED-LENGTH DATA ELEMENTS--GENERAL INFORMATION
fixed length control field 040422n2004 000 0 eng u
020 ## - INTERNATIONAL STANDARD BOOK NUMBER
International Standard Book Number 1845320018
035 ## - SYSTEM CONTROL NUMBER
System control number (Sirsi) u125913
041 0# - LANGUAGE CODE
Language code of text/sound track or separate title eng
050 04 - LIBRARY OF CONGRESS CALL NUMBER
Classification number 332.6324 $2 18
110 2# - MAIN ENTRY--CORPORATE NAME
Corporate name or jurisdiction name as entry element United Kingdom
Subordinate unit HM Treasury
245 00 - TITLE STATEMENT
Title Promoting more flexible investment in property
Remainder of title a consultation
260 ## - PUBLICATION, DISTRIBUTION, ETC.
Place of publication, distribution, etc. London
Name of publisher, distributor, etc. HM Treasury
Date of publication, distribution, etc. 2004
520 ## - SUMMARY, ETC.
Summary, etc. This consultation document seeks views on how a new vehicle for investing property might be structured to meet government objectives to encourage an efficient and flexible property investment market. The consultation follows the Barker review of housing supply (ISBN 1845320107) recommendation for a vehicle based on the US Real Estate Investment Trust (REITS) model. Consultation closes on 16 July 2004.
650 24 - SUBJECT ADDED ENTRY--TOPICAL TERM
Topical term or geographic name entry element BARKER REVIEW OF HOUSING SUPPLY: SECURING OUR FUTURE HOUSING NEEDS
651 #4 - SUBJECT ADDED ENTRY--GEOGRAPHIC NAME
Geographic name United Kingdom
Chronological subdivision
690 ## - LOCAL SUBJECT ADDED ENTRY--TOPICAL TERM (OCLC, RLIN)
Topical term or geographic name as entry element PROPERTY-PROPERTY FINANCE AND INVESTMENT-REAL ESTATE INVESTMENT TRUSTS
710 2# - ADDED ENTRY--CORPORATE NAME
Corporate name or jurisdiction name as entry element United Kingdom
Subordinate unit Inland Revenue
9 (RLIN) 1014
856 40 - ELECTRONIC LOCATION AND ACCESS
Uniform Resource Identifier <a href="https://webarchive.nationalarchives.gov.uk/+/http://www.hm-treasury.gov.uk/budget/budget_04/associated_documents/bud_bud04_adproperty.cfm">https://webarchive.nationalarchives.gov.uk/+/http://www.hm-treasury.gov.uk/budget/budget_04/associated_documents/bud_bud04_adproperty.cfm</a>
Public note View the consultation document at webarchive.nationalarchives.gov.uk
942 ## - ADDED ENTRY ELEMENTS (KOHA)
Suppress in OPAC 0
Holdings
Withdrawn status Lost status Source of classification or shelving scheme Damaged status Not for loan Home library Current library Shelving location Date acquired Total Checkouts Full call number Barcode Date last seen Copy number Price effective from Koha item type
    Dewey Decimal Classification     Virtual Virtual Online 22/04/2004   ONLINE PUBLICATION 125913-2001 06/08/2019 1 06/08/2019 Book